000 00750nam a2200277 a 4500
001 000114504
003 CHAP
005 20220329144444.0
008 180208s1983 mx |r| ||||||spa d
010 _a110965
011 _a111937
020 _a9682412846
040 _cCHAP
082 0 4 _a302.2
_bP21 1983
100 1 _aPaoli, J. Antonio
_9134601
245 1 0 _aComunicación e información :
_bperspectivas teóricas /
_cpor J. Antonio Paoli.
250 _a3 ed.
260 _aMéxico, D.F. :
_bEditorial Trillas,
_c1983.
300 _a138 p.
590 _aE5765TAJ
_b05
_c20180208
_lUCH01
_h0929
650 1 4 _aComunicación
_926206
650 1 4 _aMedios masivos de comunicación.
_974123
901 _aBK
942 _cLIBRO
942 _n0
999 _c110965
_d110965